00506 2200193 4500001002100000005001500021035002000036007000300056008004100059020001800100082001000118084001600128100001900144245004500163260004500208300002400253600001400277990002100291INLIS00000000000032820220527090914 a0010-0522000028ta220527 0 ind  a9786021143322 a155.2 a155.2 AST p0 aAstri Yulianda1 aPendidikan karakter bangsa 3 : Toleransi aJakarta :bMustika Pustaka Negeri,c2017 a77 :bilus ;c29 cm 4aToleransi a303/smpn7/sby/16